书目信息 |
| 题名: |
艺术的故事
|
|
| 作者: | 房龙, 著 ;周英富 译 | |
| 分册: | ||
| 出版信息: | 北京 中国妇女出版社 2004.12 |
|
| 页数: | 311页 | |
| 开本: | 24cm | |
| 丛书名: | 西方人文经典 | |
| 单 册: | ||
| 中图分类: | J110.9-49 , J110 | |
| 科图分类: | ||
| 主题词: | 艺术史--yi shu shi--世界--通俗读物 | |
| 电子资源: | ||
| ISBN: | 7-80203-045-5 | |
| 000 | 01030nam 2200289 450 | |
| 001 | 012008273281 | |
| 005 | 20080313152225.57 | |
| 010 | @a7-80203-045-5@dCNY29.00 | |
| 100 | @a20080313d2004 km y0chiy0120 ea | |
| 101 | 1 | @achi@ceng |
| 102 | @aCN@b110000 | |
| 105 | @aa z 000yy | |
| 106 | @ar | |
| 200 | 1 | @a艺术的故事@Ayi shu de gu shi@d= Story of the art@f亨德里克·威廉·房龙著@Fheng de li ke·wei lian·fang long zhu@g周英富译@Gzhou ying fu yi@zeng |
| 210 | @a北京@c中国妇女出版社@d2004.12 | |
| 215 | @a311页@c图@d24cm | |
| 225 | 2 | @a西方人文经典@Axi fang ren wen jing dian |
| 330 | @a本书主要介绍人类的岩画到现代派艺术, 从建筑、绘画到音乐、文学。 | |
| 410 | 0 | @12001 @a西方人文经典 |
| 510 | 1 | @aStory of the art@zeng |
| 606 | 0 | @a艺术史@Ayi shu shi@y世界@j通俗读物 |
| 690 | @aJ110.9-49@v4 | |
| 690 | @aJ110@v4 | |
| 701 | 1 | @a房龙,@Afang long,@bH. W.@g(VonLoon, Hendrik William),@f1882-1944@4著 |
| 702 | 0 | @a周英富@Azhou ying fu@4译 |
| 801 | 0 | @aCN@bQSSK@c20080313 |
| 905 | @b20282324-26@dJ110@eF288@f3 | |
| 艺术的故事= Story of the art/亨德里克·威廉·房龙著/周英富译.-北京:中国妇女出版社,2004.12 |
| 311页:图;24cm.-(西方人文经典) |
| ISBN 7-80203-045-5:CNY29.00 |
| 本书主要介绍人类的岩画到现代派艺术, 从建筑、绘画到音乐、文学。 |
| ● |
| 相关链接 |
|
|
|
正题名:艺术的故事
索取号:J110/F288
 
预约/预借
| 序号 | 登录号 | 条形码 | 馆藏地/架位号 | 状态 | 备注 |
| 1 | 282324 | 202823249 | 社科库309/309社科库 65排2列3层/ [索取号:J110/F288] | 在馆 | |
| 2 | 282325 | 202823258 | 社科库309/309社科库 65排2列3层/ [索取号:J110/F288] | 在馆 | |
| 3 | 282326 | 202823267 | 社科库309/309社科库 65排2列3层/ [索取号:J110/F288] | 在馆 |